000 00902ngm a22003730a 4500
001 PT34335
003 AR-LpoUNG
005 20210201232315.0
007 co ||u|||uuuuu
008 191001s2008||||mx |||||||||||||||||spa d
037 _c$6.25
040 _aAR-LpoUNG
_bspa
_cAR-LpoUNG
_eaacr
041 _aspa
044 _amx
082 0 _a808 864cd
100 1 _aLópez, Modesto
_edir.
245 1 0 _aAntonio Preciado poeta :
_bentre cantos y marimbas
260 _aMéxico, D. F. :
_bPentagrama,
_c2008.
505 0 _aCd que acompaña al DVD del mismo nombre
650 4 _aBIOGRAFIAS
650 4 _aCULTURA
650 4 _aECUADOR
650 4 _aINDEPENDENCIA
650 4 _aLIBERTAD
650 4 _aLITERATURA
650 4 _aMUSICA
650 4 _aPOBLACION INDIGENA
650 4 _aPOESIA
653 _aBAILE
653 _aCD
653 _aCINE
905 _a34335
942 _cCDDVD
999 _c53316
_d53316